Ρήγας Βελεστινλής : 1757-1798
Αποθηκεύτηκε σε:
| Άλλοι συγγραφείς: | |
|---|---|
| Μορφή: | Βιβλίο |
| Γλώσσα: | Greek |
| Δημοσίευση: |
Αθήναι :
Σύλλογος προς Διάδοσιν Ωφέλιμων Βιβλίων,
1957
|
| Σειρά: | Σύλλογος προς Διάδοσιν Ωφελίμων Βιβλίων. Περίοδος δευτέρα ;
; 3 |
| Θέματα: | |
| Ετικέτες: |
Προσθήκη ετικέτας
Δεν υπάρχουν, Καταχωρήστε ετικέτα πρώτοι!
|
MARC
| LEADER | 00000cam a2200000 i 4500 | ||
|---|---|---|---|
| 001 | 1/99365 | ||
| 008 | 081212s1957 gre d | ||
| 035 | |l 10102433 | ||
| 040 | |a GR-MY-UA |b gre |e aacr | ||
| 041 | 0 | |a gre | |
| 082 | 0 | |a 920.71 |2 (22) | |
| 100 | 1 | |4 edt |a Βρανούσης, Λέανδρος Ι., |d 1921-1993. | |
| 245 | 1 | 0 | |a Ρήγας Βελεστινλής : |b 1757-1798 / |c Λ.Ι. Βρανούση |
| 260 | |a Αθήναι : |b Σύλλογος προς Διάδοσιν Ωφέλιμων Βιβλίων, |c 1957 | ||
| 300 | |a 158 σ.; |b εικ.; |c 22 εκ. | ||
| 490 | 1 | |a Σύλλογος προς Διάδοσιν Ωφέλιμων Βιβλίων |v ; 3 | |
| 504 | |a Περιλαμβάνει βιβλιογραφία | ||
| 600 | 1 | 0 | |a Ρήγας, Βελεστινλής, |d 1757-1798. |
| 650 | 0 | 0 | |a Greek literature. |
| 650 | 0 | 0 | |a Revolutionaries |z Greece |x Biography. |
| 830 | 0 | |a Σύλλογος προς Διάδοσιν Ωφελίμων Βιβλίων. |p Περίοδος δευτέρα ; |v ; 3 | |
| 852 | |a INST |b RHODES |c AKA |e 20081212 |h 920.71 ΒΡΑ |p 005400031485 |q 005400031485 |t BK |y 0 | ||
| 901 | |a BIBL4-2008-3 | ||
| 909 | |a Ρ |b 156546 | ||
| 970 | |a ΚΟΖΑ |b ΜΑΡΙΑ |z 2008/12/12 | ||